[Event "MESRRK"]
[Site "?"]
[Date "2018.05.25"]
[Round "1.10"]
[White "Sustek, Adam"]
[Black "Alusik, Richard"]
[Result "1-0"]
[BlackElo "1144"]
[WhiteElo "1448"]
[LiveChessVersion "1.4.8"]

1. e4 {[%clk 0:20:17]} e5 {[%clk 0:20:19]} 2. Nf3 {[%clk 0:20:25]} Nf6
{[%clk 0:20:26]} 3. Nxe5 {[%clk 0:20:28]} d6 {[%clk 0:20:31]} 4. Nf3
{[%clk 0:20:36]} Nxe4 {[%clk 0:20:39]} 5. Nc3 {[%clk 0:20:42]} Nxc3
{[%clk 0:20:37]} 6. dxc3 {[%clk 0:20:49]} Nc6 {[%clk 0:20:39]} 7. Be3
{[%clk 0:20:39]} Bf5 {[%clk 0:20:29]} 8. Bd3 {[%clk 0:19:10]} Qd7
{[%clk 0:20:22]} 9. Qd2 {[%clk 0:18:48]} O-O-O {[%clk 0:20:08]} 10. O-O-O
{[%clk 0:16:32]} Ne5 {[%clk 0:19:50]} 11. Nxe5 {[%clk 0:16:02]} dxe5
{[%clk 0:19:50]} 12. Bxf5 {[%clk 0:16:07]} Qxf5 {[%clk 0:18:26]} 13. Qxd8# 1-0

[Event "MESRRK"]
[Site "?"]
[Date "2018.05.25"]
[Round "1.11"]
[White "Knapova, Nicol"]
[Black "Kolimar, Kristof Pal"]
[Result "0-1"]
[BlackElo "1715"]
[WhiteElo "1128"]
[LiveChessVersion "1.4.8"]

1. e4 {[%clk 0:20:19]} c5 {[%clk 0:20:19]} 2. d4 {[%clk 0:20:25]} cxd4
{[%clk 0:20:26]} 3. Qxd4 {[%clk 0:20:33]} Nc6 {[%clk 0:20:30]} 4. Qd1
{[%clk 0:20:39]} Nf6 {[%clk 0:20:36]} 5. Nc3 {[%clk 0:20:47]} d6 {[%clk 0:20:43]}
6. Bf4 {[%clk 0:20:51]} a6 {[%clk 0:20:49]} 7. Nf3 {[%clk 0:20:56]} g6
{[%clk 0:19:58]} 8. Bc4 {[%clk 0:20:37]} Bg7 {[%clk 0:19:52]} 9. Ng5
{[%clk 0:20:17]} O-O {[%clk 0:19:50]} 10. Qf3 {[%clk 0:17:51]} b5
{[%clk 0:18:34]} 11. Bd5 {[%clk 0:17:25]} Bb7 {[%clk 0:18:18]} 12. Qd3
{[%clk 0:16:13]} Nb4 {[%clk 0:17:55]} 13. Qd2 {[%clk 0:15:42]} Nbxd5
{[%clk 0:17:55]} 14. Nxd5 {[%clk 0:15:35]} Nxd5 {[%clk 0:18:02]} 15. exd5
{[%clk 0:15:35]} Bxb2 {[%clk 0:17:46]} 16. Rb1 {[%clk 0:15:31]} Bg7
{[%clk 0:17:54]} 17. h4 {[%clk 0:15:13]} Rc8 {[%clk 0:18:02]} 18. Rb3
{[%clk 0:14:25]} Qc7 {[%clk 0:17:54]} 19. Qd3 {[%clk 0:12:42]} Qxc2
{[%clk 0:17:53]} 20. Qxc2 {[%clk 0:12:45]} Rxc2 {[%clk 0:18:01]} 21. a3
{[%clk 0:12:38]} Rfc8 {[%clk 0:17:54]} 22. O-O {[%clk 0:12:12]} Bxd5
{[%clk 0:18:00]} 23. Rd3 {[%clk 0:11:54]} Bc4 {[%clk 0:18:08]} 24. Rdd1
{[%clk 0:11:45]} Bxf1 25. Rxf1 e5 {[%clk 0:18:10]} 26. Be3 {[%clk 0:11:53]} f5
{[%clk 0:18:10]} 27. f4 {[%clk 0:11:36]} e4 {[%clk 0:18:17]} 28. Ne6
{[%clk 0:11:27]} Kf7 {[%clk 0:18:01]} 29. Ng5+ {[%clk 0:11:19]} Ke7
{[%clk 0:18:08]} 30. Nxh7 {[%clk 0:10:39]} Rh8 {[%clk 0:18:14]} 31. Ng5
{[%clk 0:10:47]} Rxh4 {[%clk 0:18:22]} 32. g3 {[%clk 0:10:49]} Rg4
{[%clk 0:18:28]} 33. Bf2 {[%clk 0:10:38]} e3 {[%clk 0:17:54]} 34. Be1
{[%clk 0:10:13]} Bd4 {[%clk 0:17:56]} 35. Kh1 {[%clk 0:10:00]} e2
{[%clk 0:17:49]} 36. Rf3 {[%clk 0:10:03]} Rc1 {[%clk 0:17:54]} 37. Kg2
{[%clk 0:09:05]} Rxe1 {[%clk 0:18:01]} 38. Rd3 {[%clk 0:07:50]} Rg1+
{[%clk 0:18:08]} 39. Kf3 {[%clk 0:07:51]} e1=Q {[%clk 0:17:44]} 40. Rxd4
{[%clk 0:07:48]} R4xg3# {[%clk 0:17:30]} 0-1

[Event "MESRRK"]
[Site "?"]
[Date "2018.05.25"]
[Round "1.12"]
[White "Brozka, Karel"]
[Black "Obrocnikova, Barbora"]
[Result "1-0"]
[BlackElo "1121"]
[WhiteElo "1590"]
[LiveChessVersion "1.4.8"]

1. d4 {[%clk 0:20:16]} d5 {[%clk 0:20:18]} 2. Nf3 {[%clk 0:20:18]} Nc6
{[%clk 0:20:23]} 3. c4 {[%clk 0:20:19]} dxc4 {[%clk 0:20:00]} 4. Nc3
{[%clk 0:20:27]} Nf6 {[%clk 0:20:00]} 5. e4 {[%clk 0:20:28]} Bg4 {[%clk 0:19:04]}
6. Be3 {[%clk 0:16:59]} e5 {[%clk 0:17:02]} 7. d5 {[%clk 0:16:13]} Na5
{[%clk 0:16:17]} 8. Qa4+ {[%clk 0:15:40]} c6 {[%clk 0:15:37]} 9. Nxe5
{[%clk 0:15:21]} Bd7 {[%clk 0:15:02]} 10. Nxd7 {[%clk 0:14:55]} Nxd7
{[%clk 0:15:02]} 11. dxc6 {[%clk 0:13:02]} Nxc6 {[%clk 0:13:40]} 12. Bxc4
{[%clk 0:12:48]} Nb6 {[%clk 0:13:24]} 13. Qb3 {[%clk 0:10:29]} Ne5
{[%clk 0:12:23]} 14. Qb5+ {[%clk 0:09:33]} Nc6 {[%clk 0:11:40]} 15. Bxb6
{[%clk 0:08:56]} axb6 {[%clk 0:10:40]} 16. Qf5 {[%clk 0:08:50]} Qf6
{[%clk 0:10:23]} 17. Qxf6 {[%clk 0:08:20]} gxf6 {[%clk 0:10:30]} 18. Nd5
{[%clk 0:08:27]} Bb4+ {[%clk 0:09:46]} 19. Ke2 {[%clk 0:07:57]} Nd4+
{[%clk 0:09:44]} 20. Kd3 Nc6 21. Nc7+ {[%clk 0:07:32]} Ke7 {[%clk 0:08:44]} 22.
Nxa8 {[%clk 0:07:25]} Rxa8 {[%clk 0:08:44]} 23. Bd5 {[%clk 0:07:25]} Rd8
{[%clk 0:08:44]} 24. a3 {[%clk 0:07:25]} Bc5 {[%clk 0:08:03]} 25. f4
{[%clk 0:06:44]} f5 {[%clk 0:07:43]} 26. Rhe1 {[%clk 0:06:18]} Kf6
{[%clk 0:20:10]} 27. Rad1 1-0

[Event "MESRRK"]
[Site "?"]
[Date "2018.05.25"]
[Round "1.13"]
[White "Sowinski, Wojciech"]
[Black "Vargosko, Juraj"]
[Result "1-0"]
[BlackElo "1430"]
[WhiteElo "1115"]
[LiveChessVersion "1.4.8"]

1. d4 {[%clk 0:20:10]} Nf6 {[%clk 0:20:10]} 2. c4 e6 {[%clk 0:20:10]} 3. Nc3
{[%clk 0:20:10]} d5 {[%clk 0:20:10]} 4. Bg5 {[%clk 0:20:10]} Be7 {[%clk 0:20:10]}
5. e3 {[%clk 0:20:10]} Nbd7 {[%clk 0:20:10]} 6. Nf3 {[%clk 0:20:10]} b6
{[%clk 0:20:10]} 7. Be2 {[%clk 0:20:10]} Bb7 {[%clk 0:19:53]} 8. O-O
{[%clk 0:20:00]} dxc4 {[%clk 0:20:00]} 9. Bxc4 {[%clk 0:20:04]} h6
{[%clk 0:19:56]} 10. Bh4 {[%clk 0:20:03]} O-O {[%clk 0:19:42]} 11. Bg3
{[%clk 0:19:45]} c5 {[%clk 0:18:09]} 12. Ne5 {[%clk 0:17:12]} Nxe5
{[%clk 0:13:20]} 13. dxe5 {[%clk 0:16:55]} Qxd1 {[%clk 0:13:16]} 14. Raxd1
{[%clk 0:16:54]} Nd5 {[%clk 0:09:54]} 15. Bxd5 {[%clk 0:16:09]} exd5
{[%clk 0:09:49]} 16. Nxd5 {[%clk 0:16:16]} Bxd5 {[%clk 0:09:55]} 17. Rxd5 Rad8
{[%clk 0:10:00]} 18. Rfd1 {[%clk 0:16:24]} Rxd5 {[%clk 0:09:38]} 19. Rxd5
{[%clk 0:16:32]} Rd8 {[%clk 0:09:47]} 20. Rxd8+ {[%clk 0:16:32]} Bxd8
{[%clk 0:09:45]} 21. f4 {[%clk 0:13:04]} Kf8 {[%clk 0:10:17]} 22. Kf2
{[%clk 0:13:13]} Ke7 {[%clk 0:10:21]} 23. Bh4+ {[%clk 0:13:21]} Ke8
{[%clk 0:10:19]} 24. Bxd8 {[%clk 0:13:30]} Kxd8 {[%clk 0:10:22]} 25. Kf3
{[%clk 0:13:38]} Ke7 {[%clk 0:10:08]} 26. Ke4 {[%clk 0:13:40]} Ke6
{[%clk 0:09:20]} 27. f5+ {[%clk 0:13:45]} Ke7 {[%clk 0:09:27]} 28. Kd5
{[%clk 0:13:53]} Kd7 {[%clk 0:09:33]} 29. g4 {[%clk 0:14:00]} a5 {[%clk 0:09:27]}
30. h4 {[%clk 0:14:04]} a4 {[%clk 0:09:34]} 31. a3 {[%clk 0:13:17]} g6
{[%clk 0:09:11]} 32. e6+ {[%clk 0:12:41]} fxe6+ {[%clk 0:09:15]} 33. fxe6+
{[%clk 0:12:50]} Ke7 {[%clk 0:09:20]} 34. Kc6 {[%clk 0:12:51]} Kxe6
{[%clk 0:09:28]} 35. Kxb6 {[%clk 0:12:23]} Kd5 {[%clk 0:09:36]} 36. Kb5
{[%clk 0:12:17]} Ke4 {[%clk 0:09:41]} 37. Kxa4 {[%clk 0:12:25]} Kxe3
{[%clk 0:09:49]} 38. Kb5 {[%clk 0:12:34]} Kf4 {[%clk 0:09:58]} 39. a4
{[%clk 0:12:44]} Kxg4 {[%clk 0:10:07]} 40. a5 {[%clk 0:12:52]} Kxh4
{[%clk 0:10:15]} 41. a6 {[%clk 0:13:01]} g5 {[%clk 0:10:24]} 42. a7
{[%clk 0:13:11]} g4 {[%clk 0:10:33]} 43. a8=Q {[%clk 0:13:17]} Kh3
{[%clk 0:09:17]} 44. Qh1+ {[%clk 0:10:24]} Kg3 {[%clk 0:09:24]} 45. Qxh6
{[%clk 0:10:22]} Kg2 {[%clk 0:09:32]} 46. Qd2+ {[%clk 0:10:23]} Kh3
{[%clk 0:09:40]} 47. Qe3+ {[%clk 0:10:28]} g3 {[%clk 0:09:48]} 48. Qg1
{[%clk 0:10:35]} 1-0

[Event "MESRRK"]
[Site "?"]
[Date "2018.05.25"]
[Round "1.14"]
[White "Buchta, Bartolomej"]
[Black "Hudakova, Nina"]
[Result "1-0"]
[BlackElo "1096"]
[WhiteElo "1405"]
[LiveChessVersion "1.4.8"]

1. e4 {[%clk 0:20:17]} e5 {[%clk 0:20:18]} 2. Nf3 {[%clk 0:20:25]} Nf6
{[%clk 0:20:20]} 3. Nxe5 {[%clk 0:20:32]} d6 {[%clk 0:20:28]} 4. Nf3
{[%clk 0:20:34]} Nxe4 {[%clk 0:20:35]} 5. Nc3 {[%clk 0:20:37]} Nxc3
{[%clk 0:20:36]} 6. dxc3 {[%clk 0:20:45]} Nc6 {[%clk 0:20:34]} 7. Bf4
{[%clk 0:20:21]} Bf5 {[%clk 0:20:24]} 8. Qd2 {[%clk 0:20:02]} g6 {[%clk 0:20:04]}
9. O-O-O {[%clk 0:19:49]} Bg7 {[%clk 0:20:09]} 10. Re1+ {[%clk 0:19:34]} Be6
{[%clk 0:19:49]} 11. Bc4 {[%clk 0:18:42]} O-O {[%clk 0:19:20]} 12. Bxe6
{[%clk 0:18:33]} fxe6 {[%clk 0:19:24]} 13. Rxe6 {[%clk 0:17:15]} Qd7
{[%clk 0:18:20]} 14. Rhe1 {[%clk 0:16:13]} Rae8 {[%clk 0:18:12]} 15. Rxe8
{[%clk 0:14:26]} Rxe8 {[%clk 0:18:18]} 16. Rxe8+ {[%clk 0:13:20]} Qxe8
{[%clk 0:18:24]} 17. Ng5 {[%clk 0:12:13]} Na5 {[%clk 0:15:35]} 18. Qd5+
{[%clk 0:11:38]} Kh8 {[%clk 0:15:25]} 19. Nf7+ {[%clk 0:11:35]} Kg8
{[%clk 0:15:19]} 20. Nxd6+ {[%clk 0:11:29]} Kf8 {[%clk 0:14:45]} 21. Nxe8
{[%clk 0:11:31]} Kxe8 {[%clk 0:14:51]} 22. Qg8+ {[%clk 0:11:16]} Kd7
{[%clk 0:14:46]} 23. Qxg7+ {[%clk 0:11:22]} Kd8 {[%clk 0:14:47]} 24. Bg5+
{[%clk 0:11:09]} Kc8 {[%clk 0:14:47]} 25. Qf8+ {[%clk 0:11:07]} Kd7
{[%clk 0:14:53]} 26. Qe7+ {[%clk 0:11:12]} Kc6 {[%clk 0:14:58]} 27. Qe6+
{[%clk 0:11:17]} Kb5 {[%clk 0:15:03]} 28. Qd5+ {[%clk 0:11:02]} c5
{[%clk 0:15:07]} 29. b4 {[%clk 0:10:45]} Nc6 {[%clk 0:15:05]} 30. Qxc5+
{[%clk 0:10:50]} Ka6 {[%clk 0:15:12]} 31. a4 b6 {[%clk 0:15:10]} 32. Qxc6
{[%clk 0:10:23]} h5 {[%clk 0:14:59]} 33. Qc8# {[%clk 0:10:23]} 1-0

[Event "MESRRK"]
[Site "?"]
[Date "2018.05.25"]
[Round "1.15"]
[White "Petrus, Daniel"]
[Black "Elias, David"]
[Result "1-0"]
[BlackElo "1380"]
[WhiteElo "1094"]
[LiveChessVersion "1.4.8"]

1. e4 {[%clk 0:20:19]} e5 {[%clk 0:20:16]} 2. Nf3 {[%clk 0:20:17]} Nc6
{[%clk 0:20:18]} 3. d4 {[%clk 0:19:55]} exd4 {[%clk 0:20:21]} 4. Nxd4
{[%clk 0:20:01]} Bc5 {[%clk 0:20:19]} 5. Nxc6 {[%clk 0:20:07]} Qf6
{[%clk 0:20:09]} 6. Qe2 {[%clk 0:17:39]} Qxc6 {[%clk 0:19:45]} 7. Nc3
{[%clk 0:16:58]} d6 {[%clk 0:19:21]} 8. Qf3 {[%clk 0:16:03]} Nf6 {[%clk 0:18:57]}
9. Bb5 {[%clk 0:15:58]} Bd7 {[%clk 0:18:06]} 10. Bxc6 {[%clk 0:16:06]} Bxc6
{[%clk 0:18:11]} 11. Be3 {[%clk 0:15:24]} Bb4 {[%clk 0:17:48]} 12. Bd2
{[%clk 0:14:56]} O-O {[%clk 0:17:31]} 13. Nd5 {[%clk 0:13:08]} Bxd2+
{[%clk 0:17:11]} 14. Kxd2 {[%clk 0:13:12]} Bxd5 {[%clk 0:16:59]} 15. exd5
{[%clk 0:13:19]} Rfe8 {[%clk 0:17:03]} 16. Rae1 {[%clk 0:13:02]} Nd7
{[%clk 0:16:57]} 17. Rxe8+ {[%clk 0:13:09]} Rxe8 {[%clk 0:17:04]} 18. Re1
{[%clk 0:13:17]} Ne5 {[%clk 0:16:52]} 19. Kc1 {[%clk 0:11:07]} h6
{[%clk 0:16:27]} 20. Qb3 {[%clk 0:10:42]} Nd3+ {[%clk 0:14:52]} 21. Qxd3
{[%clk 0:10:19]} Rxe1+ {[%clk 0:14:59]} 22. Kd2 {[%clk 0:10:28]} Ra1
{[%clk 0:14:57]} 23. Qa3 {[%clk 0:10:28]} a6 {[%clk 0:15:04]} 24. Qb3
{[%clk 0:10:27]} Rf1 {[%clk 0:14:40]} 25. Ke2 {[%clk 0:10:26]} Rc1
{[%clk 0:14:01]} 26. Qc3 {[%clk 0:09:43]} c5 {[%clk 0:11:47]} 27. dxc6
{[%clk 0:09:44]} bxc6 {[%clk 0:10:34]} 28. Qxc6 {[%clk 0:09:51]} a5
{[%clk 0:09:57]} 29. Kd2 {[%clk 0:09:58]} Rf1 {[%clk 0:09:48]} 30. Qf3
{[%clk 0:08:52]} Rh1 {[%clk 0:08:57]} 31. h3 {[%clk 0:08:30]} Ra1
{[%clk 0:08:33]} 32. Qa8+ {[%clk 0:08:21]} Kh7 {[%clk 0:08:41]} 33. Qxa5
{[%clk 0:08:28]} Kg6 {[%clk 0:08:27]} 34. b4 {[%clk 0:08:29]} Rf1
{[%clk 0:08:28]} 35. Ke2 {[%clk 0:08:25]} Rc1 {[%clk 0:08:35]} 36. Qa4
{[%clk 0:08:18]} Rg1 {[%clk 0:08:35]} 37. g3 {[%clk 0:08:22]} Rh1
{[%clk 0:07:30]} 38. h4 {[%clk 0:08:30]} Rc1 {[%clk 0:06:45]} 39. b5
{[%clk 0:08:38]} f6 {[%clk 0:06:30]} 40. b6 {[%clk 0:08:47]} Rb1 {[%clk 0:06:34]}
41. Qb3 {[%clk 0:08:29]} Rxb3 {[%clk 0:06:16]} 42. cxb3 {[%clk 0:08:36]} Kf5
{[%clk 0:06:17]} 43. b7 {[%clk 0:08:44]} Ke5 {[%clk 0:06:23]} 44. b8=Q
{[%clk 0:08:52]} f5 {[%clk 0:06:28]} 45. f4+ {[%clk 0:08:58]} Ke6
{[%clk 0:06:29]} 46. Kd3 {[%clk 0:09:06]} d5 {[%clk 0:06:33]} 47. Qe5+
{[%clk 0:09:14]} Kf7 {[%clk 0:06:40]} 48. Kd4 Kg8 49. Kxd5 {[%clk 0:09:02]} g5
{[%clk 0:06:47]} 50. hxg5 {[%clk 0:09:00]} hxg5 {[%clk 0:06:53]} 51. Qe7
{[%clk 0:08:59]} gxf4 {[%clk 0:06:55]} 52. gxf4 {[%clk 0:09:03]} Kh8
{[%clk 0:06:51]} 53. Ke6 Kg8 {[%clk 0:06:49]} 54. Kf6 {[%clk 0:09:08]} Kh8
{[%clk 0:06:51]} 55. Qg7# 1-0

[Event "MESRRK"]
[Site "?"]
[Date "2018.05.25"]
[Round "1.16"]
[White "Orgon, Jakub"]
[Black "Havaldova, Natalia"]
[Result "1-0"]
[BlackElo "1045"]
[WhiteElo "1379"]
[LiveChessVersion "1.4.8"]

1. e4 {[%clk 0:20:19]} e5 {[%clk 0:20:19]} 2. f4 {[%clk 0:20:27]} exf4
{[%clk 0:20:27]} 3. Nf3 {[%clk 0:20:36]} Nc6 {[%clk 0:20:31]} 4. Bc4
{[%clk 0:20:43]} Nf6 {[%clk 0:20:37]} 5. Nc3 {[%clk 0:20:52]} Bc5
{[%clk 0:20:41]} 6. d4 {[%clk 0:20:58]} Bb4 {[%clk 0:20:44]} 7. O-O
{[%clk 0:20:58]} d6 {[%clk 0:20:29]} 8. Bxf4 {[%clk 0:21:05]} O-O
{[%clk 0:20:34]} 9. e5 {[%clk 0:20:09]} dxe5 {[%clk 0:20:36]} 10. dxe5
{[%clk 0:19:40]} Nd7 {[%clk 0:20:25]} 11. e6 {[%clk 0:19:26]} Nb6
{[%clk 0:20:22]} 12. exf7+ {[%clk 0:19:16]} Kh8 {[%clk 0:20:08]} 13. Bb3
{[%clk 0:19:06]} Bd6 {[%clk 0:19:00]} 14. Bxd6 {[%clk 0:18:48]} Qxd6
{[%clk 0:19:05]} 15. Qxd6 {[%clk 0:18:55]} cxd6 {[%clk 0:19:14]} 16. Nb5
{[%clk 0:16:46]} d5 {[%clk 0:17:50]} 17. Nc7 {[%clk 0:16:13]} Rb8
{[%clk 0:17:42]} 18. Nxd5 {[%clk 0:16:13]} Be6 {[%clk 0:17:23]} 19. Nxb6
{[%clk 0:15:41]} Bxb3 {[%clk 0:17:31]} 20. axb3 {[%clk 0:15:49]} axb6
{[%clk 0:17:39]} 21. Ng5 {[%clk 0:15:56]} h6 {[%clk 0:17:31]} 22. Ne6
{[%clk 0:16:04]} Rfc8 {[%clk 0:16:25]} 23. f8=Q+ {[%clk 0:15:59]} Rxf8
{[%clk 0:16:33]} 24. Rxf8+ {[%clk 0:16:04]} Rxf8 {[%clk 0:16:41]} 25. Nxf8
{[%clk 0:16:12]} Nd4 {[%clk 0:16:42]} 26. Ra8 {[%clk 0:15:44]} Nxc2
{[%clk 0:16:29]} 27. Nd7+ {[%clk 0:15:52]} Kh7 {[%clk 0:16:37]} 28. Nxb6
{[%clk 0:16:00]} Nd4 {[%clk 0:16:45]} 29. Ra7 {[%clk 0:16:01]} Nxb3
{[%clk 0:16:49]} 30. Rxb7 {[%clk 0:16:06]} Nc5 {[%clk 0:16:54]} 31. Rc7
{[%clk 0:16:06]} Nd3 {[%clk 0:17:01]} 32. Na4 {[%clk 0:16:00]} Kg6
{[%clk 0:16:42]} 33. Kf1 {[%clk 0:15:54]} Kh5 {[%clk 0:16:46]} 34. Ke2
{[%clk 0:15:55]} Nf4+ {[%clk 0:16:55]} 35. Kf3 {[%clk 0:16:01]} Ne6
{[%clk 0:17:04]} 36. Rc8 {[%clk 0:15:58]} g5 {[%clk 0:17:03]} 37. b4
{[%clk 0:15:27]} Kh4 {[%clk 0:17:00]} 38. Rc4+ {[%clk 0:15:14]} g4+
{[%clk 0:17:04]} 39. Kf2 {[%clk 0:15:16]} Nf8 {[%clk 0:16:43]} 40. h3
{[%clk 0:15:12]} h5 {[%clk 0:16:48]} 41. hxg4 {[%clk 0:15:12]} hxg4
{[%clk 0:16:55]} 42. b5 {[%clk 0:15:15]} Nd7 {[%clk 0:17:01]} 43. Rc7
{[%clk 0:14:58]} Ne5 {[%clk 0:17:01]} 44. Rh7+ {[%clk 0:14:59]} Kg5
{[%clk 0:17:04]} 45. b6 {[%clk 0:15:06]} Nd3+ {[%clk 0:17:12]} 46. Ke3
{[%clk 0:15:12]} Ne1 {[%clk 0:17:19]} 47. b7 {[%clk 0:15:09]} Nxg2+
{[%clk 0:17:24]} 48. Kf2 {[%clk 0:15:11]} Nf4 {[%clk 0:16:56]} 49. b8=Q
{[%clk 0:15:17]} Nd3+ {[%clk 0:17:04]} 50. Ke3 {[%clk 0:15:23]} Ne1
{[%clk 0:16:55]} 51. Qf4+ {[%clk 0:15:30]} Kg6 {[%clk 0:17:02]} 52. Rh6+
{[%clk 0:15:35]} Kg7 {[%clk 0:17:09]} 53. Qxg4+ {[%clk 0:15:39]} Kf7
{[%clk 0:17:12]} 54. Rf6+ {[%clk 0:15:39]} Kxf6 {[%clk 0:17:19]} 55. Qh4+
{[%clk 0:15:48]} Kf5 {[%clk 0:17:26]} 56. Qxe1 {[%clk 0:15:56]} Ke5
{[%clk 0:17:33]} 57. Qb4 {[%clk 0:16:02]} Kd5 {[%clk 0:17:41]} 58. Qd4+
{[%clk 0:16:10]} Kc6 {[%clk 0:17:49]} 59. Qe5 {[%clk 0:16:19]} Kd7
{[%clk 0:17:56]} 60. Qf6 {[%clk 0:16:28]} Kc7 {[%clk 0:18:04]} 61. Kd4
{[%clk 0:16:37]} Kd7 {[%clk 0:18:12]} 62. Kd5 {[%clk 0:16:45]} Kc7
{[%clk 0:18:21]} 63. Qc6+ {[%clk 0:16:54]} Kd8 {[%clk 0:18:28]} 64. Qb7
{[%clk 0:17:02]} Ke8 {[%clk 0:18:37]} 65. Ke6 {[%clk 0:17:11]} Kd8
{[%clk 0:18:43]} 66. Qd7# {[%clk 0:17:19]} 1-0

[Event "MESRRK"]
[Site "?"]
[Date "2018.05.25"]
[Round "1.17"]
[White "Sekova, Olivia"]
[Black "Labyk, Illia"]
[Result "1-0"]
[BlackElo "1314"]
[WhiteElo "1031"]
[LiveChessVersion "1.4.8"]

1. e4 {[%clk 0:20:17]} e6 {[%clk 0:20:18]} 2. d4 {[%clk 0:20:06]} d5
{[%clk 0:20:26]} 3. e5 {[%clk 0:19:10]} c5 {[%clk 0:20:34]} 4. c3
{[%clk 0:18:40]} Qb6 {[%clk 0:20:39]} 5. Nf3 {[%clk 0:18:04]} Nc6
{[%clk 0:20:46]} 6. g3 {[%clk 0:15:21]} f6 {[%clk 0:20:13]} 7. Bg2
{[%clk 0:12:41]} fxe5 {[%clk 0:19:38]} 8. dxe5 {[%clk 0:12:06]} Nge7
{[%clk 0:19:19]} 9. O-O {[%clk 0:10:37]} Nf5 {[%clk 0:19:07]} 10. Re1
{[%clk 0:07:42]} Be7 {[%clk 0:19:14]} 11. Qc2 {[%clk 0:06:57]} Bd7
{[%clk 0:18:28]} 12. Bf4 {[%clk 0:05:35]} O-O {[%clk 0:18:23]} 13. Nbd2
{[%clk 0:04:56]} h6 {[%clk 0:17:44]} 14. Nf1 {[%clk 0:04:06]} c4 {[%clk 0:17:23]}
15. Ne3 {[%clk 0:03:28]} Nxe3 {[%clk 0:17:23]} 16. Bxe3 {[%clk 0:03:29]} Bc5
{[%clk 0:17:22]} 17. Bxc5 {[%clk 0:03:13]} Qxc5 {[%clk 0:17:28]} 18. Rad1
{[%clk 0:03:08]} Be8 {[%clk 0:16:45]} 19. b4 {[%clk 0:02:40]} Qe7
{[%clk 0:16:37]} 20. Qe2 {[%clk 0:02:25]} Bh5 {[%clk 0:16:39]} 21. Qe3
{[%clk 0:02:19]} Qf7 {[%clk 0:16:19]} 22. b5 {[%clk 0:01:44]} Na5
{[%clk 0:15:53]} 23. Qf4 {[%clk 0:00:53]} Qxf4 {[%clk 0:16:00]} 24. gxf4
{[%clk 0:01:00]} Rxf4 {[%clk 0:16:08]} 25. Re3 {[%clk 0:01:02]} Raf8
{[%clk 0:16:14]} 26. Rd4 {[%clk 0:00:40]} Bxf3 {[%clk 0:15:55]} 27. Rxf4
{[%clk 0:00:45]} Rxf4 {[%clk 0:15:55]} 28. Rxf3 {[%clk 0:00:54]} Rxf3
{[%clk 0:16:04]} 29. Bxf3 {[%clk 0:01:02]} b6 {[%clk 0:15:43]} 30. Kg2
{[%clk 0:01:10]} g5 {[%clk 0:15:50]} 31. Kg3 {[%clk 0:01:17]} Kf7
{[%clk 0:15:59]} 32. Bh5+ {[%clk 0:01:24]} Kg7 {[%clk 0:16:02]} 33. Kg4
{[%clk 0:01:32]} Nb7 {[%clk 0:16:10]} 34. f4 {[%clk 0:01:22]} gxf4
{[%clk 0:16:19]} 35. Kxf4 {[%clk 0:01:30]} Nc5 {[%clk 0:16:28]} 36. Ke3
{[%clk 0:01:33]} Ne4 {[%clk 0:15:47]} 37. Bg4 {[%clk 0:01:29]} Nc5
{[%clk 0:14:48]} 38. Kd4 {[%clk 0:01:29]} Kg6 {[%clk 0:14:55]} 39. h4
{[%clk 0:01:30]} h5 {[%clk 0:15:01]} 40. Bh3 {[%clk 0:01:38]} Ne4 41. Bxe6
{[%clk 0:01:38]} Nc5 {[%clk 0:14:48]} 42. Bxd5 {[%clk 0:01:43]} Kf5
{[%clk 0:14:58]} 43. a3 {[%clk 0:01:35]} Nd3 {[%clk 0:14:08]} 44. Be4+
{[%clk 0:01:36]} Ke6 {[%clk 0:14:13]} 45. Bxd3 {[%clk 0:01:44]} cxd3
{[%clk 0:14:23]} 46. Kxd3 {[%clk 0:01:51]} Kxe5 {[%clk 0:14:31]} 47. Ke3
{[%clk 0:01:44]} Kd5 {[%clk 0:14:40]} 48. Kd3 {[%clk 0:01:53]} Ke5
{[%clk 0:14:32]} 49. Ke3 {[%clk 0:01:59]} Kd5 {[%clk 0:14:41]} 50. Kf4
{[%clk 0:02:01]} Kc4 {[%clk 0:14:46]} 51. Kg5 {[%clk 0:02:10]} Kxb5
{[%clk 0:14:54]} 52. Kxh5 {[%clk 0:02:12]} Ka4 {[%clk 0:15:03]} 53. Kg5
{[%clk 0:02:21]} Kxa3 {[%clk 0:15:12]} 54. h5 {[%clk 0:02:30]} a5
{[%clk 0:15:21]} 55. h6 {[%clk 0:02:39]} Kb3 {[%clk 0:15:30]} 56. h7
{[%clk 0:02:47]} a4 {[%clk 0:15:40]} 57. h8=Q {[%clk 0:02:52]} a3
{[%clk 0:15:45]} 58. Qg8+ {[%clk 0:03:00]} Kxc3 {[%clk 0:15:53]} 59. Qa2
{[%clk 0:03:06]} Kb4 {[%clk 0:16:02]} 60. Kf4 {[%clk 0:03:11]} b5
{[%clk 0:16:12]} 61. Qb1+ {[%clk 0:03:19]} Kc3 {[%clk 0:16:20]} 62. Qa2
{[%clk 0:03:27]} b4 {[%clk 0:16:29]} 63. Ke3 {[%clk 0:03:36]} b3 {[%clk 0:16:35]}
64. Qxa3 {[%clk 0:03:44]} Kc2 {[%clk 0:16:45]} 65. Qc5+ {[%clk 0:03:40]} Kb1
{[%clk 0:16:51]} 66. Kd2 {[%clk 0:03:47]} b2 {[%clk 0:16:59]} 67. Kc3
{[%clk 0:03:47]} Kc1 {[%clk 0:17:01]} 68. Qe3+ {[%clk 0:03:44]} Kb1
{[%clk 0:17:08]} 69. Qe1+ {[%clk 0:03:52]} Ka2 {[%clk 0:17:17]} 70. Qd2
{[%clk 0:03:53]} Ka3 {[%clk 0:17:21]} 71. Qxb2+ {[%clk 0:04:02]} Ka4
{[%clk 0:17:30]} 72. Qb4# {[%clk 0:04:09]} 1-0